| 000 | 00357nam a2200133Ia 4500 | ||
|---|---|---|---|
| 008 | 240624s9999 xx 000 0 und d | ||
| 041 | _aeng | ||
| 082 | _a330 TAB | ||
| 100 | _aTABACCO GIOVANNI ALBERTO | ||
| 245 | _aAIRLINE ECONOMICS AN EMPIRICAL ANALYSIS | ||
| 260 |
_c2017 _aLondon _bPalgrave Macmillan |
||
| 300 | _axv, 78 p.; 23 cm. | ||
| 365 |
_cERU _b31 |
||
| 999 |
_c30055 _d30055 |
||